00509nam a22001577a 450000500170000001000170001702000180003403500170005203700160006908200160008510000260010124501230012726000350025026000380028530000280032320120528165146.0 aB-448701-705 a9780415323215 aB-448701-705 bK.K.Pub/Ven a305.6709548 aMallampalli, Chandra  aChristians and public life in colonial South India, 1863-1937 :bcontending with marginality /cby Chandra Mallampalli aLondonbRoutledgec2006 (repr) aNew DelhibOrient Blackswanc2006 axiv, 305p.c23 cm. (Hb)